Rok 2011 se zapíše do dějin

Vývoj celosvetového rastu jednotlivých ekonomík. Správy významných bánk a Svetovej banky. Analýzy MMF na záchranu krajín, ktoré sa dostali do dlhovej krízy. Refinancovanie dlhov. Inflačné riešenia a vyjadrenia politikov.

Gespeichert in:
Bibliographische Detailangaben
1. Verfasser: Machala, Karel
Format: Buchkapitel
Sprache:Tschechisch
Schlagworte:
Tags: Tag hinzufügen
Keine Tags, Fügen Sie das erste Tag hinzu!

MARC

LEADER 00000naa a2200000 4500
001 0125656
005 20231129094033.9
041 0 |a cze 
044 |a CZ 
245 1 0 |a Rok 2011 se zapíše do dějin  |c Karel Machala 
520 |a Vývoj celosvetového rastu jednotlivých ekonomík. Správy významných bánk a Svetovej banky. Analýzy MMF na záchranu krajín, ktoré sa dostali do dlhovej krízy. Refinancovanie dlhov. Inflačné riešenia a vyjadrenia politikov. 
610 2 0 |a banky 
610 2 0 |a banky centrálne 
610 2 0 |a Medzinárodný menový fond 
610 2 0 |a rozpočty verejné 
610 2 0 |a dlhy štátne 
610 2 0 |a dlhy verejné 
610 2 0 |a oddlženie 
610 2 0 |a Európa 
610 2 0 |a eurozóna 
610 2 0 |a liberalizácia 
610 2 0 |a problémy globálne 
610 2 0 |a inflácia 
100 1 |a Machala, Karel